logo

Bir Sreshtho Munshi Abdur Rouf Library
Jhenaidah Cadet College

Psychology, the hybrid science / (Record no. 9890)

MARC details
000 -LEADER
fixed length control field 00803nam a2200289 a 4500
001 - CONTROL NUMBER
JCCL Control Number 9890
003 - CONTROL NUMBER IDENTIFIER
JCCL marc code 9889
005 - DATE AND TIME OF LATEST TRANSACTION
control field 20180403094917.0
008 - FIXED-LENGTH DATA ELEMENTS--GENERAL INFORMATION
fixed length control field 180403s1986 ilua b 001 0 eng
020 ## - INTERNATIONAL STANDARD BOOK NUMBER
International Standard Book Number 0256032467
035 ## - SYSTEM CONTROL NUMBER
system control number (BD-JhCC)9890
040 ## - CATALOGING SOURCE
Original cataloging agency DLC
Transcribing agency DLC
Modifying agency DLC
-- 9889
041 ## - LANGUAGE CODE
Language code of Book eng
050 00 - LIBRARY OF CONGRESS CALL NUMBER
Classification number BF121
Item number .M295 1986
082 00 - DEWEY DECIMAL CLASSIFICATION NUMBER
Classification number 150
DDC Edition number 19
Author mark and Year MCM 1986
100 1# - MAIN ENTRY--PERSONAL NAME
Personal name McMahon, Frank B.
245 10 - TITLE STATEMENT
Title Psychology, the hybrid science /
Statement of responsibility, etc Frank B. McMahon, Judith W. McMahon.
250 ## - EDITION STATEMENT
Edition statement 5th ed.
260 ## - PUBLICATION, DISTRIBUTION, ETC. (IMPRINT)
Place of publication, distribution, etc Chicago, Ill. :
Name of publisher, distributor, etc Dorsey Press,
Date of publication, distribution, etc c1986.
300 ## - PHYSICAL DESCRIPTION
Pagination xxvi, 716, xxiii p. :
Other physical details ill. (some col.) ;
Dimensions 27 cm.
500 ## - GENERAL NOTE
General note Includes indexes.
504 ## - BIBLIOGRAPHY, ETC. NOTE
Bibliography, etc Bibliography: p. [679]-713.
650 #0 - SUBJECT ADDED ENTRY--TOPICAL TERM
Topical term or geographic name as entry element Psychology.
700 1# - ADDED ENTRY--PERSONAL NAME
Personal name McMahon, Judith W.
942 ## - ADDED ENTRY ELEMENTS (KOHA)
Source of classification or shelving scheme Dewey Decimal Classification
Koha item type Books
Holdings
Source of classification or shelving scheme Damaged status Not for loan Home library Current library Shelving location Date of accession Total Checkouts Full call number Barcode Date last seen Copy number Koha item type
Dewey Decimal Classification     JCC Rouf Library JCC Rouf Library General Stacks 04/03/2018   150 MCM 1986 13411 04/03/2018 C-1 Books

JCC Library | Contacts | JCC Home

Last Update on 23 September 2017
Copyright @ 2017-2020 JCC Rouf Library
Rouf Library, Jhenidah Cadet College (JCC), Bangladesh